Performace analysis of maximum likelihood (ML) and Maximum A-posteriori probabilty (MAP) decoding Techniques over AWGN and rayleigh fading channels (Record no. 181450)

000 -LEADER
fixed length control field 00715 a2200181 4500
003 - CONTROL NUMBER IDENTIFIER
control field Nust
005 - DATE AND TIME OF LATEST TRANSACTION
control field 20170207153213.0
040 ## - CATALOGING SOURCE
Transcribing agency Nust
082 ## - DEWEY DECIMAL CLASSIFICATION NUMBER
Classification number 621.382
100 ## - MAIN ENTRY--PERSONAL NAME
Personal name Asif , Muhammad Naeem (MSEE-9)
245 ## - TITLE STATEMENT
Title Performace analysis of maximum likelihood (ML) and Maximum A-posteriori probabilty (MAP) decoding Techniques over AWGN and rayleigh fading channels
Statement of responsibility, etc. Muhammad Naeem Asif
260 ## - PUBLICATION, DISTRIBUTION, ETC.
Name of publisher, distributor, etc. MCS, NUST
Date of publication, distribution, etc. 2005
Place of publication, distribution, etc. Rawalpindi
300 ## - PHYSICAL DESCRIPTION
Extent 65, p.;
505 ## - FORMATTED CONTENTS NOTE
Formatted contents note Introduction (page-1) Overview of communication (page-40) Coding and decoding (page-16) Simulations and perfromamce analysis (page-38) Summary and conclusion (page-56)
538 ## - SYSTEM DETAILS NOTE
System details note Almirah No 69 Shelf No 1
650 ## - SUBJECT ADDED ENTRY--TOPICAL TERM
Topical term or geographic name entry element PG Thesis
651 ## - SUBJECT ADDED ENTRY--GEOGRAPHIC NAME
Geographic name MSEE-9
942 ## - ADDED ENTRY ELEMENTS (KOHA)
Koha item type
Holdings
Withdrawn status Lost status Source of classification or shelving scheme Damaged status Not for loan Collection code Permanent Location Current Location Date acquired Total Checkouts Full call number Barcode Date last seen Price effective from Koha item type
            Military College of Signals (MCS) Military College of Signals (MCS) 12/12/2016   621.382 ASI MCSTEE-30 12/08/2016 12/12/2016 Book
© 2023 Central Library, National University of Sciences and Technology. All Rights Reserved.